000 00870nam a22001935i 4500
001 169501
003 ES-MaACL
005 20250724063437.0
008 081001s1683 fr |||| | lat d
100 1 _aVinnius, Arnoldus,
_d1588-1657
_9115335
245 1 0 _aArnoldi Vinnij J.C. praestantissimi In quatuor libros institutionum imperialium commentarius academicus & forensis : Tomus primus [-secundus].
250 _aEditio novissima et emendatissima / authoris notis antea seorsim impressis aucta et adornata duobus distincta tomis.
260 _aLugduni :
_bsumpt. Anissoniorum, Joan. Possuel & Claudij Rigaud,
_c1683.
300 _a2 v. ;
_c21 cm.
597 _aTexto a dos columnas.
630 0 7 _aCorpus juris civilis.
_pInstitutiones
_2
_9135271
852 _aES-MaACL
_jArmario 18
_q.- Tomo I, sin portada
_xOlim: G-12727-28
999 _c169501
_d169501